000 00573nmm a2200253 a 4500
003 AR-BaBNM
005 20251128203516.0
008 266019s1930 ||||||||||||||000 | spa||
040 _cAR-BaBNM
100 1 _aBacci, Luis
245 1 0 _aGramática de la lengua italiana
250 _a3ª ed.
260 _aFlorencia
_bBarbera
_c1930
300 1 _avii, 223 p.
650 4 _aITALIANO
650 4 _aGRAMATICA
650 4 _aORTOGRAFIA
650 4 _aSINTAXIS
650 4 _aTRADUCCION
650 4 _aFONOLOGIA
650 4 _aFONETICA
942 _cBK
998 _cisola
999 _c3699
_d3699